| 000 | 00000nam 2200000zi 4500 |
| 001 | 9.945568 |
| 003 | CaOODSP |
| 005 | 20250403102726 |
| 006 | m o d f |
| 007 | cr cn||||||||| |
| 008 | 241126t20252025onca osb f000 0 fre d |
| 020 | |a9780660746630 |
| 040 | |aCaOODSP|bfre|erda|cCaOODSP |
| 043 | |an-cn--- |
| 086 | 1 |aCS11-627/2025-8F-PDF |
| 245 | 00|aLocuteurs et locutrices d'une langue non officielle : |bstatut d'immigration et période d'immigration. |
| 264 | 1|a[Ottawa] : |bStatistique Canada = Statistics Canada, |c[2025] |
| 264 | 4|c©2025 |
| 300 | |a1 ressource en ligne (1 page non numérotée) : |billustrations |
| 336 | |atexte|btxt|2rdacontent/fre |
| 337 | |ainformatique|bc|2rdamedia/fre |
| 338 | |aressource en ligne|bcr|2rdacarrier/fre |
| 500 | |aTitre de départ. |
| 500 | |aPublié aussi en anglais sous le titre : Non-official language speakers: immigration status and period of immigration. |
| 504 | |aComprend des références bibliographiques. |
| 520 | |a« En 2021, parmi les personnes au Canada parlant hindi ou tagalog, plus de 9 sur 10 étaient nées à l’extérieur du pays, comparativement à moins de 5 personnes sur 10 parlant grec ou italien ... L’espagnol, l’allemand et l’ukrainien étaient les langues affichant les plus fortes proportions de locutrices et locuteurs nés au Canada dont les parents étaient aussi nés au Canada » -- Page [1]. |
| 650 | 6|aImmigrants|zCanada|xLangage|vStatistiques. |
| 650 | 6|aVariation (Linguistique) |
| 650 | 6|aPréservation linguistique|zCanada|vStatistiques. |
| 650 | 6|aEnquêtes linguistiques|zCanada|vStatistiques. |
| 650 | 6|aMinorités linguistiques|zCanada|vStatistiques. |
| 650 | 6|aÉmigration et immigration|xStatistiques. |
| 655 | 7|aStatistiques|2rvmgf |
| 710 | 2 |aStatistique Canada, |eorganisme de publication. |
| 775 | 08|tNon-official language speakers : |w(CaOODSP)9.945566 |
| 856 | 40|qPDF|s143 Ko|uhttps://publications.gc.ca/collections/collection_2025/statcan/11-627-m/11-627-m2025008-fra.pdf |
| 856 | 4 |qHTML|sS.O.|uhttps://www150.statcan.gc.ca/n1/pub/11-627-m/11-627-m2025008-fra.htm |
| 986 | |a11-627-M |